| 000 | 01717cad a22002535a 4500 | ||
|---|---|---|---|
| 001 | L149555 | ||
| 008 | 100319s20100319xxkd f s f000 0 eng d | ||
| 020 | _a9781409823568 | ||
| 035 | _a(Sirsi) u149555 | ||
| 041 | 0 | _aeng | |
| 050 | 0 | 4 | _a333.33 $2 18 |
| 110 | 1 |
_aUnited Kingdom _bDepartment for Communities and Local Government _94939 |
|
| 245 | 0 | 0 |
_aHouse price index _bJanuary 2010 _h[electronic resource] |
| 260 |
_aLondon _bDCLG _c2010 |
||
| 490 | 0 |
_aDCLG House Price Index _vJanuary 2010 |
|
| 520 | _aFinds that UK house prices have increased by 6.2% since January 2009 and 2.2% higher than in December 2009. The mix-adjusted average house price was £207 159 in January 2010 (not seasonally adjusted). UK house prices rose by 4.8% in the quarter ending January 2010 compared with a rise of 2.3% in the quarter ending October 2009 (seasonally adjusted). Annual average house prices rose by 6.6% in England, 7.1% in Scotland and 1.3% in Wales but fell in Northern Ireland by 13.7%. Annual average house prices paid by first time buyers in January 2010 were 8.9% higher than a year ago. By comparison average house prices paid by former owner occupiers were 5.2% higher. Annual average house prices paid for new properties in January 2010 were 2.1% lower than a year ago. By comparison average house prices paid on pre-owned dwellings were 6.8% higher. | ||
| 521 | _aAdvanced | ||
| 590 | _aKA NTK | ||
| 650 | 2 | 4 | _aDCLG HOUSE PRICE INDEX |
| 651 | 4 |
_aUnited Kingdom _y |
|
| 690 | _aPROPERTY-RESIDENTIAL PROPERTY-RESIDENTIAL PROPERTY MARKET | ||
| 856 | 4 | 0 |
_uhttps://www.communities.gov.uk/documents/statistics/pdf/1505306.pdf _zView this online document free of charge at www.communities.gov.uk |
| 942 | _n0 | ||
| 999 |
_c110537 _d110537 |
||